| 000 | 00515nam a22001817a 4500 | ||
|---|---|---|---|
| 005 | 20260420115912.0 | ||
| 008 | 260420b |||||||| |||| 00| 0 eng d | ||
| 020 | _a9789352836109 | ||
| 050 |
_aQA 371 .R35 2020 _bC.1 |
||
| 100 | _aRaisinghania, M. D. | ||
| 245 | _aOrdinary and Partial Differential Equations | ||
| 250 | _aTwentieth Edition | ||
| 260 |
_aNew Delhi _bS. Chand Publishing _c2020 |
||
| 300 | _axxx, 912p. | ||
| 500 | _aIncludes index | ||
| 650 | _a1. Differential equations. | ||
| 942 |
_2lcc _cBK |
||
| 999 |
_c217016 _d217016 |
||